| 000 | 00374nam a2200133Ia 4500 | ||
|---|---|---|---|
| 008 | 230917s9999||||xx |||||||||||||| ||und|| | ||
| 040 |
_e168271 _aMAIN |
||
| 041 | _aEnglish | ||
| 082 | _a005.5 D642D | ||
| 100 | _aDixit, Ashutosh | ||
| 245 | 0 | _aDesign of a scalable parallel migrating crawler based on augmented hypertext documents | |
| 300 | _axiii, 146 p. | ||
| 942 | _cTH | ||
| 999 |
_c125318 _d125318 |
||